[Event "Florianopolis op 6th"]
[Site "Florianopolis"]
[Date "2020.01.25"]
[Round "9"]
[White "Wilberger, Marcelo"]
[Black "Blau, Vitoria Caroline"]
[Result "1-0"]
[WhiteElo "1673"]
[BlackElo "1409"]
[PlyCount "121"]
[EventDate "2020.01.20"]
[EventType "swiss"]
[EventRounds "10"]
[EventCountry "BRA"]
[SourceTitle "CBM 194 Extra"]
[Source "ChessBase"]
[SourceDate "2020.03.31"]
[SourceVersion "1"]
[SourceVersionDate "2020.03.31"]
[SourceQuality "1"]

1. d4 Nf6 2. c4 g6 3. g3 Bg7 4. Bg2 d6 5. Nc3 0-0 6. Nf3 Nc6 7. 0-0 e5 8. dxe5 Nxe5 9. b3 Nfd7 10. Qc2 Re8 11. Bb2 Nxf3+ 12. Bxf3 Ne5 13. Bg2 Bf5 14. Qd2 Nc6 15. Nd5 Bxb2 16. Qxb2 Ne5 17. e4 Bd7 18. f4 c6 19. Ne3 Ng4 20. Nxg4 Bxg4 21. f5 gxf5 22. exf5 Qb6+ 23. Kh1 Re5 24. Qc2 Rae8 25. h3 Be2 26. Rf4 Qe3 27. Kh2 Bd3 28. Qf2 Qxf2 29. Rxf2 Bxf5 30. Rd1 Be4 31. Rxd6 Bxg2 32. Kxg2 Re2 33. Rd7 R8e7 34. Rxe2 Rxe2+ 35. Kf3 Rxa2 36. Rxb7 a5 37. Rb6 Ra3 38. Kf4 Kg7 39. g4 h6 40. h4 a4 41. bxa4 Rxa4 42. Rxc6 Ra1 43. Rd6 Rf1+ 44. Ke4 Rg1 45. Kf4 Rf1+ 46. Ke3 Rg1 47. Rd4 Rh1 48. h5 f5 49. gxf5 Rxh5 50. Kf4 Kf6 51. Rd6+ Ke7 52. Re6+ Kf7 53. c5 Rh1 54. c6 Rf1+ 55. Ke5 Re1+ 56. Kd6 Rd1+ 57. Kc7 Rd5 58. Rxh6 Rxf5 59. Rd6 Rf3 60. Kd7 Ra3 61. c7 1-0

[Event "Brazil AXPG op 1st"]
[Site "Ponta Grossa"]
[Date "2017.10.29"]
[Round "7"]
[White "Cohen, Jaime"]
[Black "Wilberger, Marcelo"]
[Result "1-0"]
[WhiteElo "1983"]
[BlackElo "1619"]
[PlyCount "45"]
[EventDate "2017.10.26"]
[EventType "swiss"]
[EventRounds "7"]
[EventCountry "BRA"]
[SourceTitle "CBM 181 Extra"]
[Source "ChessBase"]
[SourceDate "2017.12.12"]
[SourceVersion "1"]
[SourceVersionDate "2017.12.12"]
[SourceQuality "1"]

1. e4 c5 2. Nf3 d6 3. Bb5+ Bd7 4. Bxd7+ Qxd7 5. 0-0 Nc6 6. b3 Nf6 7. Qe2 g6 8. Bb2 Bg7 9. Rd1 0-0 10. d4 cxd4 11. Nxd4 a6 12. c4 Rfc8 13. h3 Nxd4 14. Bxd4 b5 15. Na3 bxc4 16. Nxc4 Qc6 17. Nb6 Nxe4 18. Nxc8 Rxc8 19. Bxg7 Kxg7 20. Rac1 Qxc1 21. Rxc1 Rxc1+ 22. Kh2 d5 23. Qb2+ 1-0

[Event "Brazil AXPG op 1st"]
[Site "Ponta Grossa"]
[Date "2017.10.28"]
[Round "5"]
[White "Ferrero, Carlos E"]
[Black "Wilberger, Marcelo"]
[Result "1/2-1/2"]
[WhiteElo "1932"]
[BlackElo "1619"]
[PlyCount "41"]
[EventDate "2017.10.26"]
[EventType "swiss"]
[EventRounds "7"]
[EventCountry "BRA"]
[SourceTitle "CBM 181 Extra"]
[Source "ChessBase"]
[SourceDate "2017.12.12"]
[SourceVersion "1"]
[SourceVersionDate "2017.12.12"]
[SourceQuality "1"]

1. e4 c5 2. Nf3 d6 3. Bb5+ Bd7 4. Bxd7+ Qxd7 5. 0-0 Nc6 6. c3 Nf6 7. Re1 e6 8. d4 cxd4 9. cxd4 d5 10. e5 Ne4 11. Nbd2 Nxd2 12. Bxd2 Be7 13. Rc1 0-0 14. Qe2 Rfc8 15. h3 b5 16. Rc2 a6 17. Rec1 Na7 18. Ba5 Rxc2 19. Rxc2 Rc8 20. Bb6 Rxc2 21. Qxc2 1/2-1/2

[Event "Caioba Telecom op"]
[Site "Caioba"]
[Date "2017.09.29"]
[Round "4"]
[White "Wilberger, Marcelo"]
[Black "Ribeiro Pereira, Kevillyn Lorray"]
[Result "1-0"]
[WhiteElo "1619"]
[BlackElo "1264"]
[PlyCount "105"]
[EventDate "2017.09.28"]
[EventType "swiss"]
[EventRounds "8"]
[EventCountry "BRA"]
[SourceTitle "EXT 2018"]
[Source "ChessBase"]
[SourceDate "2017.10.13"]
[SourceVersion "1"]
[SourceVersionDate "2017.10.13"]
[SourceQuality "1"]

1. Nf3 d5 2. g3 Nf6 3. Bg2 Nc6 4. d4 g6 5. 0-0 Bg7 6. b3 0-0 7. Bb2 Bf5 8. Nbd2 e6 9. c4 Bh6 10. e3 Bg4 11. h3 Bf5 12. Re1 Nb4 13. Ba3 Nc2 14. Bxf8 Qxf8 15. g4 Nxe1 16. Qxe1 Be4 17. g5 Bxg5 18. Nxg5 Bxg2 19. Kxg2 Qh6 20. f4 a6 21. a4 c6 22. Ngf3 Nh5 23. Nf1 Nf6 24. Qh4 Nh5 25. Ng3 Re8 26. Nxh5 gxh5 27. Qg5+ Qg6 28. Ne5 Qxg5+ 29. fxg5 Kg7 30. Rf1 Re7 31. Kg3 h6 32. gxh6+ Kxh6 33. Rxf7 Rxf7 34. Nxf7+ Kg6 35. Ne5+ Kg5 36. h4+ Kf5 37. Kf3 b5 38. c5 bxa4 39. bxa4 a5 40. Nxc6 Kf6 41. Kf4 Kg6 42. Ke5 Kf7 43. Nd8+ Ke7 44. Nxe6 Kd7 45. Kxd5 Ke7 46. c6 Ke8 47. Kd6 Kf7 48. c7 Kf6 49. c8Q Kf5 50. Nc5+ Kg6 51. Qe6+ Kh7 52. Ke7 Kh8 53. Kf7 1-0

[Event "PAR-ch sf"]
[Site "Asuncion"]
[Date "2017.08.15"]
[Round "7"]
[White "Nunez, Pablo"]
[Black "Wilberger, Marcelo"]
[Result "0-1"]
[WhiteElo "1159"]
[BlackElo "1701"]
[PlyCount "52"]
[EventDate "2017.08.11"]
[EventType "swiss"]
[EventRounds "9"]
[EventCountry "PAR"]
[SourceTitle "CBM 180 Extra"]
[Source "ChessBase"]
[SourceDate "2017.10.06"]
[SourceVersion "1"]
[SourceVersionDate "2017.10.06"]
[SourceQuality "1"]

1. e4 c5 2. Nc3 d6 3. g3 g6 4. Bg2 Bg7 5. Nge2 Nc6 6. d3 Rb8 7. Rb1 b5 8. 0-0 e6 9. Qe1 b4 10. Nd1 Nge7 11. b3 Nd4 12. Nxd4 cxd4 13. Bb2 0-0 14. f4 Qc7 15. Qe2 Bd7 16. Nf2 f5 17. Rfe1 e5 18. exf5 Nxf5 19. Bc1 Qa5 20. a3 bxa3 21. Bd2 Qb6 22. Ra1 Rbe8 23. Qd1 Ne3 24. Bxe3 dxe3 25. Rf1 exf2+ 26. Rxf2 exf4 0-1

[Event "PAR-ch sf"]
[Site "Asuncion"]
[Date "2017.08.13"]
[Round "3"]
[White "De la Vega, Ricardo"]
[Black "Wilberger, Marcelo"]
[Result "1/2-1/2"]
[WhiteElo "1449"]
[BlackElo "1701"]
[PlyCount "49"]
[EventDate "2017.08.11"]
[EventType "swiss"]
[EventRounds "9"]
[EventCountry "PAR"]
[SourceTitle "CBM 180 Extra"]
[Source "ChessBase"]
[SourceDate "2017.10.06"]
[SourceVersion "1"]
[SourceVersionDate "2017.10.06"]
[SourceQuality "1"]

1. d4 Nf6 2. Bf4 g6 3. e3 Bg7 4. Nf3 0-0 5. c4 d5 6. Nc3 dxc4 7. Bxc4 c5 8. 0-0 Nc6 9. dxc5 Qa5 10. Nb5 Ne8 11. Qb3 e6 12. Rfd1 a6 13. Nd6 Qxc5 14. Nxb7 Bxb7 15. Qxb7 Ra7 16. Qb3 Na5 17. Qa4 Nxc4 18. Rac1 Nxb2 19. Qb3 Qb5 20. Rd8 Qxb3 21. axb3 Bf6 22. Rd2 Ra8 23. Ne5 Bxe5 24. Bxe5 Ng7 25. Bxb2 1/2-1/2

[Event "Curitiba IEP&Copel op"]
[Site "Curitiba"]
[Date "2017.05.14"]
[Round "5"]
[White "Cordioli, Jairo Ribeiro"]
[Black "Wilberger, Marcelo"]
[Result "0-1"]
[WhiteElo "1899"]
[BlackElo "1644"]
[PlyCount "59"]
[EventDate "2017.05.12"]
[EventType "swiss"]
[EventRounds "6"]
[EventCountry "BRA"]
[SourceTitle "CBM 178 Extra"]
[Source "ChessBase"]
[SourceDate "2017.06.22"]
[SourceVersion "1"]
[SourceVersionDate "2017.06.22"]
[SourceQuality "1"]

1. d4 Nf6 2. c4 g6 3. Nc3 d5 4. cxd5 Nxd5 5. e4 Nxc3 6. bxc3 Bg7 7. Be3 c5 8. Qd2 Qa5 9. Rc1 cxd4 10. cxd4 Qxd2+ 11. Kxd2 0-0 12. Be2 Nc6 13. Nf3 f5 14. d5 Rd8 15. Bd3 fxe4 16. Bxe4 e6 17. Bg5 Rd7 18. Rhd1 exd5 19. Bc2 h6 20. Bh4 g5 21. Bg3 Rd8 22. Ke1 Be6 23. Bb3 Rac8 24. h3 Bf7 25. h4 g4 26. Nh2 h5 27. Nf1 Re8+ 28. Ne3 d4 29. Bxf7+ Kxf7 30. Rxc6 0-1

[Event "Curitiba IEP&Copel op"]
[Site "Curitiba"]
[Date "2017.05.13"]
[Round "4"]
[White "Wilberger, Marcelo"]
[Black "Lukachewski Junior, Wanderlei"]
[Result "0-1"]
[WhiteElo "1644"]
[BlackElo "2053"]
[PlyCount "86"]
[EventDate "2017.05.12"]
[EventType "swiss"]
[EventRounds "6"]
[EventCountry "BRA"]
[SourceTitle "CBM 178 Extra"]
[Source "ChessBase"]
[SourceDate "2017.06.22"]
[SourceVersion "1"]
[SourceVersionDate "2017.06.22"]
[SourceQuality "1"]

1. e4 c5 2. Nc3 d6 3. g3 Nf6 4. Bg2 g6 5. d3 Bg7 6. h3 Nc6 7. Be3 0-0 8. f4 Rb8 9. Nf3 b5 10. 0-0 b4 11. Ne2 a5 12. g4 Ba6 13. f5 Nd7 14. Rb1 Nce5 15. Qd2 Nxf3+ 16. Rxf3 Ne5 17. Rg3 Re8 18. b3 Bf6 19. Bg5 Kg7 20. Bh6+ Kg8 21. Bg5 Bxg5 22. Qxg5 f6 23. Qd2 g5 24. h4 h6 25. hxg5 hxg5 26. Bf3 Kg7 27. Kg2 Rh8 28. Ng1 Qb6 29. Nh3 Bb7 30. Rf1 Rbg8 31. Nf2 a4 32. Rh3 axb3 33. axb3 Qa7 34. Rfh1 Rxh3 35. Nxh3 Kf7 36. Nf2 Ke8 37. Nd1 Qa1 38. c3 bxc3 39. Nxc3 Nxf3 40. Rxa1 Nxd2 41. Ra2 Nxb3 42. Rb2 c4 43. dxc4 Nc5 0-1

[Event "Curitiba IEP&Copel op"]
[Site "Curitiba"]
[Date "2017.05.12"]
[Round "1"]
[White "Borges, Guilherme Deola"]
[Black "Wilberger, Marcelo"]
[Result "1-0"]
[WhiteElo "2149"]
[BlackElo "1644"]
[PlyCount "45"]
[EventDate "2017.05.12"]
[EventType "swiss"]
[EventRounds "6"]
[EventCountry "BRA"]
[SourceTitle "CBM 178 Extra"]
[Source "ChessBase"]
[SourceDate "2017.06.22"]
[SourceVersion "1"]
[SourceVersionDate "2017.06.22"]
[SourceQuality "1"]

1. d4 Nf6 2. c4 g6 3. Nc3 d5 4. Bg5 Ne4 5. Bh4 Nxc3 6. bxc3 Bg7 7. e3 c5 8. Nf3 Nc6 9. Rc1 0-0 10. Bd3 dxc4 11. Bxc4 cxd4 12. exd4 Qa5 13. 0-0 Qh5 14. h3 e5 15. Re1 exd4 16. cxd4 Nxd4 17. Nxd4 Qxh4 18. Nf3 Qf4 19. Bd5 Rb8 20. Re7 Bf6 21. Rec7 a5 22. R1c4 Qf5 23. g4 1-0

[Event "PAR-ch U20"]
[Site "Asuncion"]
[Date "2017.03.11"]
[Round "2"]
[White "Avalos Arguello, Jose Mathias"]
[Black "Wilberger, Marcelo"]
[Result "1-0"]
[WhiteElo "1673"]
[BlackElo "1588"]
[PlyCount "63"]
[EventDate "2017.03.10"]
[EventType "swiss"]
[EventRounds "7"]
[EventCountry "PAR"]
[SourceTitle "CBM 177 Extra"]
[Source "ChessBase"]
[SourceDate "2017.04.27"]
[SourceVersion "1"]
[SourceVersionDate "2017.04.27"]
[SourceQuality "1"]

1. d4 Nf6 2. c4 g6 3. Nc3 d5 4. cxd5 Nxd5 5. e4 Nxc3 6. bxc3 Bg7 7. Nf3 c5 8. Rb1 0-0 9. Be2 cxd4 10. cxd4 Qa5+ 11. Qd2 Qxd2+ 12. Bxd2 b6 13. d5 Na6 14. Bg5 f6 15. Be3 f5 16. e5 f4 17. Bd4 Bb7 18. Bc4 Rac8 19. Bb3 Kh8 20. Ng5 Rf5 21. Nf3 Rd8 22. Bc4 Nc7 23. 0-0 Bxd5 24. Bxd5 Nxd5 25. Rbc1 Rff8 26. Rc6 Rc8 27. Rfc1 Rxc6 28. Rxc6 Kg8 29. Ng5 Rd8 30. Ne6 Rd7 31. Rc8+ Kf7 32. Ng5# 1-0